000 00514nam a2200169 i 4500
001 104121
003 ES-MaACL
005 20230906183521.0
007 t|
008 051123s1971 sp ||||1| spa d
100 1 _aMichel, Aimé.
_980887
245 1 0 _aPro, Los platillos volantes, Contra /
_cAimé Michel [et all; traducción de Antonio Ribera].
260 _aBarcelona :
_bMartínez Roca,
_c1971.
300 _a184 p. ;
_c23 cm.
700 1 _aRibera, Antonio.
_996769
852 _aES-MaACL
_jC-47472
_bR.77363
999 _c104121
_d104121